[Event "VI Festival Marche Estate A"]
[Site "Senigallia ITA"]
[Date "2009.07.22"]
[Round "3"]
[White "Guidi, Marco"]
[Black "Ricci, Alfredo"]
[Result "1/2-1/2"]
[WhiteElo "1861"]
[BlackElo "2008"]
[PlyCount "170"]
[EventDate "2009.07.20"]

1. a3 g6 2. f4 Bg7 3. Nf3 d6 4. e4 a6 5. d4 b6 6. Be3 Nf6 7. e5 Nd5 8. Bc1 b5
9. c4 bxc4 10. Bxc4 Nb6 11. Ba2 Bb7 12. Nc3 e6 13. O-O O-O 14. d5 exd5 15. Nxd5
Nc6 16. Nxb6 cxb6 17. Qxd6 Qxd6 18. exd6 Rfd8 19. Ne5 Rf8 20. Re1 Rad8 21. Be3
Rxd6 22. Bxb6 Nxe5 23. Bc5 Rd2 24. Bxf8 Bxf8 25. Rxe5 Rxg2+ 26. Kf1 Rxh2 27.
Rae1 Rxb2 28. Bd5 Bxa3 29. Bxb7 Rxb7 30. Re8+ Kg7 31. Ra1 Bd6 32. f5 Ra7 33.
Rd1 Bb4 34. Rd4 a5 35. Rf4 Bc3 36. Rc8 g5 37. Rfc4 Bb4 38. R8c6 Rd7 39. Ke2 Rd5
40. f6+ Kg6 41. Ke3 Rf5 42. Rc2 Rxf6 43. Rc8 Kg7 44. Ke4 h5 45. Ke5 Bd6+ 46.
Kd5 Bf4 47. Ra8 h4 48. Ke4 Re6+ 49. Kf3 f5 50. Rxa5 Be5 51. Ra7+ Kg6 52. Rc8
g4+ 53. Kg2 f4 54. Rg8+ Kf5 55. Rh7 f3+ 56. Kf1 Bg3 57. Rf7+ Ke4 58. Rxg4+ Ke3
59. Rh7 Rb6 60. Re7+ Kd3 61. Rd7+ Kc3 62. Rd1 Rb2 63. Ra1 Rb3 64. Rg8 Kd3 65.
Rd8+ Ke4 66. Rg8 Ke3 67. Re8+ Kf4 68. Ra4+ Kg5 69. Rg8+ Kf6 70. Ra1 Re3 71. Rb1
Kf7 72. Rg5 Rc3 73. Ra1 Kf6 74. Rg8 Kf5 75. Ra5+ Ke4 76. Ra4+ Kd3 77. Ra1 Kc2
78. Rg6 Rb3 79. Rc6+ Kd2 80. Re6 Rb2 81. Re8 h3 82. Rd8+ Kc2 83. Rh8 h2 84.
Rxh2+ Bxh2 85. Ra3 Rb3 1/2-1/2

[Event "VI Festival Marche Estate A"]
[Site "Senigallia ITA"]
[Date "2009.07.23"]
[Round "4"]
[White "Bove, Alessandro"]
[Black "De Santis, Alessio"]
[Result "1/2-1/2"]
[WhiteElo "2305"]
[BlackElo "2293"]
[PlyCount "66"]
[EventDate "2009.07.20"]

1. e4 e6 2. d4 d5 3. Nc3 Nf6 4. e5 Nfd7 5. f4 c5 6. Nf3 Nc6 7. Be3 a6 8. Qd2 b5
9. dxc5 Bxc5 10. Nd4 Nxd4 11. Bxd4 Qb6 12. Bxc5 Qxc5 13. O-O-O O-O 14. Kb1 b4
15. Ne2 a5 16. Nd4 a4 17. Qe1 Nb6 18. Bd3 Nc4 19. c3 Rb8 20. Bxc4 dxc4 21. cxb4
Rxb4 22. Nc2 Rb6 23. Qc3 Bb7 24. Rd2 Be4 25. Ka1 Bxc2 26. Rxc2 Rc8 27. Rd1 h6
28. Qd4 Qb4 29. Qd2 Qb5 30. Qd7 Rbc6 31. Rc3 Rb8 32. Qd2 Rc5 33. Rdc1 Rbc8
1/2-1/2

[Event "VI Festival Marche Estate A"]
[Site "Senigallia ITA"]
[Date "2009.07.23"]
[Round "4"]
[White "Casciello, Dimitri"]
[Black "Padovani, Alessio"]
[Result "1/2-1/2"]
[WhiteElo "2020"]
[BlackElo "1991"]
[PlyCount "33"]
[EventDate "2009.07.20"]

1. e4 d5 2. Nc3 dxe4 3. Nxe4 Nf6 4. Nc3 e5 5. Nf3 Bd6 6. d3 h6 7. g3 Nc6 8. Bg2
Bg4 9. h3 Be6 10. Be3 Nd5 11. Nxd5 Bxd5 12. a3 Be6 13. d4 Bd7 14. O-O O-O 15.
dxe5 Nxe5 16. Nxe5 Bxe5 17. Bd4 1/2-1/2

[Event "VI Festival Marche Estate A"]
[Site "Senigallia ITA"]
[Date "2009.07.23"]
[Round "4"]
[White "Rotoni, Matteo"]
[Black "Badano, Giancarlo"]
[Result "1-0"]
[WhiteElo "2189"]
[BlackElo "1957"]
[PlyCount "79"]
[EventDate "2009.07.20"]

1. e4 e6 2. d4 d5 3. e5 c5 4. c3 cxd4 5. cxd4 Nc6 6. Be3 Qb6 7. Qd2 Bd7 8. Nc3
Bb4 9. Rc1 Nge7 10. Nf3 Rc8 11. Bd3 Na5 12. O-O Nc4 13. Bxc4 Rxc4 14. a3 Bxc3
15. Rxc3 Rxc3 16. Qxc3 O-O 17. Bg5 Rc8 18. Qd2 Ng6 19. h4 Ba4 20. h5 Rc2 21.
Qe3 Nf8 22. Bf6 h6 23. Nh2 Qb3 24. Qf4 Qd3 25. Qg4 g5 26. hxg6 Qxg6 27. Qh3 Nh7
28. b3 Bb5 29. Re1 Nxf6 30. exf6 Qxf6 31. Ng4 Qg5 32. Nxh6+ Kg7 33. Ng4 Re2 34.
Rd1 Ra2 35. Re1 Re2 36. Rd1 Ra2 37. f3 Rxa3 38. Re1 Rxb3 39. Re5 Rb2 40. Rxg5+
1-0

[Event "VI Festival Marche Estate A"]
[Site "Senigallia ITA"]
[Date "2009.07.23"]
[Round "4"]
[White "Simeone, Giulio"]
[Black "Brunello, Marina"]
[Result "1/2-1/2"]
[WhiteElo "1968"]
[BlackElo "2159"]
[PlyCount "81"]
[EventDate "2009.07.20"]

1. c4 e6 2. e4 d5 3. cxd5 exd5 4. exd5 Qxd5 5. Nc3 Qd8 6. Nf3 Nf6 7. Bc4 Bd6 8.
O-O O-O 9. Re1 Bg4 10. h3 Bh5 11. d4 h6 12. Qd3 Bxf3 13. Qxf3 Nc6 14. Be3 Nb4
15. Rac1 c6 16. Bf4 Bxf4 17. Qxf4 Nbd5 18. Nxd5 Nxd5 19. Qf5 Nf6 20. Qc5 Re8
21. Re5 Nd7 22. Rxe8+ Qxe8 23. Qb4 Nb6 24. Bb3 Qd7 25. Re1 Re8 26. Bc2 Rxe1+
27. Qxe1 Nd5 28. Qe4 g6 29. Qe5 Qe7 30. Qxe7 Nxe7 31. Kh2 Kg7 32. Kg3 f5 33.
Kf3 Kf6 34. Bb3 Nc8 35. Ke3 Nd6 36. h4 g5 37. hxg5+ Kxg5 38. Be6 Kf6 39. Bb3
Kg5 40. Be6 Kf6 41. Bb3 1/2-1/2

[Event "VI Festival Marche Estate A"]
[Site "Senigallia ITA"]
[Date "2009.07.23"]
[Round "4"]
[White "Stefanetti, Marco"]
[Black "Ermenkov, Evgenij P."]
[Result "0-1"]
[WhiteElo "2078"]
[BlackElo "2440"]
[PlyCount "48"]
[EventDate "2009.07.20"]

1. e4 c5 2. Nc3 Nc6 3. g3 g6 4. Bg2 Bg7 5. d3 d6 6. f4 b6 7. Nf3 Bb7 8. O-O Qd7
9. Be3 Nd4 10. Rb1 e6 11. Ne2 Nxf3+ 12. Bxf3 f5 13. exf5 Bxf3 14. Rxf3 gxf5 15.
d4 Nf6 16. Nc3 Ng4 17. dxc5 bxc5 18. Kg2 Rb8 19. Qd3 Qc6 20. Re1 O-O 21. Qc4
Nxh2 22. Qxe6+ Kh8 23. Kxh2 Qxf3 24. Qxd6 Rb6 0-1

[Event "VI Festival Marche Estate A"]
[Site "Senigallia ITA"]
[Date "2009.07.23"]
[Round "4"]
[White "Vezzosi, Paolo"]
[Black "De Filomeno, Simone"]
[Result "1/2-1/2"]
[WhiteElo "2372"]
[BlackElo "2221"]
[PlyCount "87"]
[EventDate "2009.07.20"]

1. e4 c5 2. Nf3 Nc6 3. Bb5 e6 4. Bxc6 bxc6 5. d3 Ne7 6. e5 Ng6 7. Nc3 Be7 8.
Ne4 Qc7 9. d4 cxd4 10. Qxd4 O-O 11. Be3 f6 12. exf6 gxf6 13. Bh6 Rf7 14. O-O-O
d5 15. Ng3 e5 16. Qa4 Be6 17. h4 Bf8 18. Bd2 Rb8 19. h5 Qb6 20. Qb3 Qxb3 21.
axb3 Ne7 22. Rde1 c5 23. Nh4 Nc6 24. Ngf5 Nd4 25. g4 Bxf5 26. Nxf5 Nxf5 27.
gxf5 Rg7 28. f3 Kf7 29. Rhg1 Rxg1 30. Rxg1 Bd6 31. Rg4 Rg8 32. Rxg8 Kxg8 33. c4
dxc4 34. bxc4 Kf7 35. Kc2 Ke8 36. Kd3 Kd7 37. Ke4 Kc6 38. Bh6 Be7 39. Bg7 Kd6
40. Bh6 Kc6 41. Bd2 a6 42. Ba5 Kd6 43. Kd3 Kc6 44. Ke4 1/2-1/2

[Event "VI Festival Marche Estate A"]
[Site "Senigallia ITA"]
[Date "2009.07.25"]
[Round "6"]
[White "Banki, Brigitta"]
[Black "De Maria, Isaia"]
[Result "1/2-1/2"]
[WhiteElo "1804"]
[BlackElo "1876"]
[PlyCount "91"]
[EventDate "2009.07.20"]

1. e4 c5 2. b3 d6 3. Bb2 Nf6 4. Nc3 Nc6 5. Nf3 e5 6. Bc4 Bg4 7. h3 Bxf3 8. Qxf3
Nd4 9. Bb5+ Nd7 10. Qd3 a6 11. Bxd7+ Qxd7 12. Nd5 Qd8 13. Bxd4 cxd4 14. O-O Be7
15. Qg3 O-O 16. f4 f5 17. Nxe7+ Qxe7 18. fxe5 dxe5 19. Rxf5 Rxf5 20. exf5 e4
21. Qg4 Re8 22. Rf1 Kh8 23. Re1 Qe5 24. g3 b5 25. Qf4 Qxf4 26. gxf4 b4 27. d3
e3 28. Kg2 Kg8 29. Kf3 Kf7 30. Ke2 Rc8 31. Kf3 Re8 32. Re2 Kf6 33. Kg4 Rc8 34.
h4 h5+ 35. Kf3 Kxf5 36. Rg2 g6 37. Rg5+ Kf6 38. Rd5 Rxc2 39. Rxd4 Rxa2 40. Kxe3
a5 41. Rd6+ Kf5 42. d4 Ra3 43. Rd5+ Ke6 44. Ke4 Rxb3 45. Rxa5 Rb1 46. d5+
1/2-1/2

[Event "VI Festival Marche Estate A"]
[Site "Senigallia ITA"]
[Date "2009.07.25"]
[Round "6"]
[White "Brunello, Roberta"]
[Black "Rebeggiani, Luca"]
[Result "0-1"]
[WhiteElo "1956"]
[BlackElo "2019"]
[PlyCount "68"]
[EventDate "2009.07.20"]

1. e4 c5 2. c3 Nc6 3. d4 cxd4 4. cxd4 d5 5. e5 Qb6 6. Ne2 Bg4 7. f3 Bf5 8. a3
a5 9. Nbc3 e6 10. Na4 Qa7 11. b3 b5 12. Nac3 b4 13. Nb5 Qb6 14. a4 f6 15. exf6
Nxf6 16. Bf4 Rc8 17. Ng3 Be7 18. Nxf5 exf5 19. Bd3 g6 20. Bc7 Qb7 21. O-O Kf7
22. Be5 Nxe5 23. dxe5 Nd7 24. Re1 Nf8 25. Kh1 Ne6 26. Bf1 Rhd8 27. g3 h5 28.
Rc1 Rxc1 29. Qxc1 Bf8 30. Re2 d4 31. Bg2 d3 32. Rd2 Qd5 33. Nc7 Rc8 34. f4 Qd7
0-1

[Event "VI Festival Marche Estate A"]
[Site "Senigallia ITA"]
[Date "2009.07.25"]
[Round "6"]
[White "Calza, Gabriele"]
[Black "Badano, Giancarlo"]
[Result "1/2-1/2"]
[WhiteElo "2001"]
[BlackElo "1957"]
[PlyCount "87"]
[EventDate "2009.07.20"]

1. Nf3 e6 2. c4 d5 3. g3 Nf6 4. Bg2 c5 5. O-O Nc6 6. b3 g6 7. Bb2 Bg7 8. e3 O-O
9. Nc3 dxc4 10. bxc4 Qd3 11. Qe2 Nb4 12. Ne1 Qxe2 13. Nxe2 Rb8 14. d4 Nd7 15.
a3 Na6 16. Nd3 b6 17. Rab1 Bb7 18. Ndf4 Bxg2 19. Kxg2 cxd4 20. exd4 Rbc8 21.
Rfc1 g5 22. Nd3 Rc7 23. Nb4 Nab8 24. Rc2 Rfc8 25. Rbc1 a5 26. Nd3 b5 27. c5 Nc6
28. f4 h6 29. Nf2 Nf6 30. Rd1 Nd5 31. Kf3 f5 32. Nd3 b4 33. axb4 axb4 34. Ndc1
Ra8 35. Rd3 Rca7 36. Nb3 Ra2 37. Nec1 R2a7 38. Nd2 Kf7 39. Nc4 Rb8 40. Re2 Ke7
41. Nd6 Kd7 42. Nc4 Rab7 43. Nb3 Ra7 44. Nc1 1/2-1/2

[Event "VI Festival Marche Estate A"]
[Site "Senigallia ITA"]
[Date "2009.07.25"]
[Round "6"]
[White "De Santis, Alessio"]
[Black "Ermenkov, Evgenij P."]
[Result "1/2-1/2"]
[WhiteElo "2293"]
[BlackElo "2440"]
[PlyCount "29"]
[EventDate "2009.07.20"]

1. d4 d6 2. e4 Nf6 3. Nc3 e5 4. Nf3 Nbd7 5. Bc4 Be7 6. O-O O-O 7. Re1 c6 8. a4
b6 9. b3 a6 10. Ba3 Bb7 11. dxe5 dxe5 12. Bd6 b5 13. axb5 cxb5 14. Bxe7 Qxe7
15. Bd5 1/2-1/2

[Event "VI Festival Marche Estate A"]
[Site "Senigallia ITA"]
[Date "2009.07.25"]
[Round "6"]
[White "Lupo, Francesco"]
[Black "Puleio, Bernardo"]
[Result "1/2-1/2"]
[WhiteElo "1929"]
[BlackElo "1831"]
[PlyCount "27"]
[EventDate "2009.07.20"]

1. e4 e6 2. Qe2 Be7 3. d3 d5 4. c3 dxe4 5. dxe4 Nf6 6. Nf3 O-O 7. g3 b6 8. Bg2
Bb7 9. Nbd2 Nbd7 10. O-O Nc5 11. Nd4 e5 12. Nf5 Re8 13. Rd1 Qd3 14. Qxd3
1/2-1/2

[Event "VI Festival Marche Estate A"]
[Site "Senigallia ITA"]
[Date "2009.07.25"]
[Round "6"]
[White "Monducci, Mirko"]
[Black "Faini, Marco"]
[Result "1-0"]
[WhiteElo "1932"]
[BlackElo "1924"]
[PlyCount "133"]
[EventDate "2009.07.20"]

1. d4 Nf6 2. c4 e5 3. dxe5 Ng4 4. Nf3 Nc6 5. Bf4 Bb4+ 6. Nbd2 Qe7 7. e3 Ngxe5
8. Nxe5 Nxe5 9. Be2 O-O 10. a3 Bxd2+ 11. Qxd2 d6 12. O-O Bd7 13. Rac1 Bc6 14.
b4 b6 15. Rfd1 Rfd8 16. Qc3 Ng6 17. Bg3 Bb7 18. c5 dxc5 19. bxc5 Rxd1+ 20. Bxd1
Rd8 21. Bf3 Bxf3 22. gxf3 Nf8 23. Qc4 Ne6 24. cxb6 cxb6 25. a4 Qc5 26. Qxc5
Nxc5 27. Rc4 Rc8 28. Kf1 f6 29. Ke2 Kf7 30. Bd6 Ke6 31. Bxc5 bxc5 32. Kd3 Kd5
33. Rh4 h6 34. Rh5+ Kd6 35. Kc4 a6 36. Rd5+ Ke6 37. Rxc5 Ra8 38. a5 Kd6 39. f4
Rb8 40. e4 Re8 41. f3 g5 42. Rf5 Re6 43. fxg5 hxg5 44. Kd4 Kc6 45. h3 Kd6 46.
f4 gxf4 47. Rxf4 Ke7 48. Rf5 Rc6 49. e5 fxe5+ 50. Rxe5+ Kd7 51. h4 Rh6 52. h5
Rf6 53. Ke4 Rf1 54. Rf5 Rh1 55. Kf4 Ke6 56. Rc5 Kd6 57. Rg5 Kc6 58. Kf5 Kb5 59.
Kg6+ Kb4 60. Kg7 Ra1 61. h6 Rxa5 62. Rxa5 Kxa5 63. h7 Kb4 64. h8=Q a5 65. Qf8+
Kb3 66. Qf1 a4 67. Qa1 1-0

[Event "VI Festival Marche Estate A"]
[Site "Senigallia ITA"]
[Date "2009.07.25"]
[Round "6"]
[White "Simeone, Giulio"]
[Black "Frontini, Fabio"]
[Result "0-1"]
[WhiteElo "1968"]
[BlackElo "1943"]
[PlyCount "74"]
[EventDate "2009.07.20"]

1. c4 f5 2. e4 fxe4 3. d3 exd3 4. Bxd3 Nf6 5. Nf3 d6 6. Ng5 e5 7. Nxh7 Be6 8.
Ng5 Qd7 9. Bg6+ Kd8 10. Qb3 b6 11. Qf3 c6 12. b3 Kc7 13. O-O Na6 14. Nc3 Bg4
15. Qg3 Bf5 16. Bxf5 Qxf5 17. f4 e4 18. Be3 Nb4 19. Rad1 Nc2 20. Bc1 d5 21.
cxd5 cxd5 22. Nf7 Rh7 23. Nb5+ Kd7 24. Ne5+ Kd8 25. Nf7+ Ke7 26. Ng5 Rh6 27.
Rf2 Rc8 28. Rxc2 Rxc2 29. Nd4 Qc8 30. Ba3+ Kd7 31. Nxc2 Qxc2 32. Rc1 Bc5+ 33.
Kf1 Qd2 34. Rxc5 bxc5 35. Nf7 Qd1+ 36. Kf2 e3+ 37. Kxe3 d4+ 0-1

[Event "VI Festival Marche Estate A"]
[Site "Senigallia ITA"]
[Date "2009.07.25"]
[Round "6"]
[White "Vezzosi, Paolo"]
[Black "Raineri, Valerio"]
[Result "1/2-1/2"]
[WhiteElo "2372"]
[BlackElo "2102"]
[PlyCount "27"]
[EventDate "2009.07.20"]

1. d4 Nf6 2. c4 g6 3. Nc3 Bg7 4. e4 d6 5. Be2 O-O 6. Bg5 Na6 7. Nf3 Qe8 8. O-O
e5 9. d5 Nc5 10. Nd2 a5 11. b3 Bd7 12. a3 h6 13. Bh4 g5 14. Bg3 1/2-1/2

[Event "VI Festival Marche Estate A"]
[Site "Senigallia ITA"]
[Date "2009.07.26"]
[Round "7"]
[White "Brunello, Marina"]
[Black "Stefanetti, Marco"]
[Result "1-0"]
[WhiteElo "2159"]
[BlackElo "2078"]
[PlyCount "141"]
[EventDate "2009.07.20"]

1. e4 c6 2. d4 d5 3. e5 Bf5 4. Nf3 e6 5. Be2 Ne7 6. O-O h6 7. b3 c5 8. Bb2 Nec6
9. c4 dxc4 10. Bxc4 Nb4 11. Nc3 Nc2 12. Rc1 cxd4 13. Ne2 d3 14. Ned4 Nxd4 15.
Nxd4 Be4 16. Qg4 Bc6 17. Rfd1 h5 18. Qf4 d2 19. Rxd2 Bb4 20. Rdd1 Qe7 21. Bb5
g5 22. Qf6 Qxf6 23. exf6 O-O 24. Bxc6 Nxc6 25. Nxc6 bxc6 26. a3 Ba5 27. Rc5
Rfd8 28. Rxg5+ Kh8 29. Rxh5+ Kg8 30. Rg5+ Kh7 31. Rf1 Rd5 32. Rxd5 cxd5 33. Rc1
Rd8 34. Bd4 Rd7 35. Kf1 Kg6 36. Ke2 Kf5 37. f3 Rb7 38. b4 Bc7 39. h4 Bg3 40.
Rh1 e5 41. Bc5 Kxf6 42. h5 Kg7 43. Be3 f5 44. Rh3 f4 45. h6+ Kh7 46. Bc5 e4 47.
Rh5 Rd7 48. fxe4 dxe4 49. Rh1 Rd3 50. Rd1 f3+ 51. gxf3 Rxa3 52. fxe4 Bf4 53.
Rd7+ Kxh6 54. Rxa7 Rb3 55. Rd7 Kg5 56. Rd3 Rb1 57. Rd1 Rb2+ 58. Kd3 Be5 59. Kc4
Kf4 60. Kd5 Bc3 61. Rf1+ Kg4 62. Kc4 Be5 63. b5 Bc7 64. Rf7 Ba5 65. Bd4 Rc2+
66. Kd5 Rd2 67. Ke5 Rd1 68. b6 Rb1 69. b7 Bd2 70. Kd5 Rb5+ 71. Kc6 1-0

[Event "VI Festival Marche Estate A"]
[Site "Senigallia ITA"]
[Date "2009.07.26"]
[Round "7"]
[White "Casciello, Dimitri"]
[Black "Occhipinti, Giuseppe"]
[Result "1-0"]
[WhiteElo "2020"]
[BlackElo "1980"]
[PlyCount "124"]
[EventDate "2009.07.20"]

1. e4 e5 2. Nf3 Nc6 3. Nc3 Nf6 4. g3 Bc5 5. Bg2 O-O 6. d3 a6 7. O-O d6 8. h3 h6
9. Kh2 Nh7 10. Be3 Be6 11. d4 exd4 12. Nxd4 Nxd4 13. Bxd4 Bxd4 14. Qxd4 Qc8 15.
f4 Rb8 16. f5 Bd7 17. Nd5 Re8 18. f6 Re5 19. Qxe5 dxe5 20. Ne7+ Kf8 21. Nxc8
Rxc8 22. fxg7+ Kxg7 23. Rad1 Be6 24. Rd2 Re8 25. b3 Nf8 26. Rfd1 Re7 27. Kg1
Nd7 28. Kf2 b6 29. c3 Nf6 30. Ke3 Ne8 31. c4 Nd6 32. g4 Bc8 33. Bf3 Kg6 34. Rc1
Nb7 35. b4 Be6 36. c5 b5 37. Be2 Re8 38. a4 bxa4 39. Bxa6 Rb8 40. Ra1 Nd8 41.
b5 Bb3 42. Rd7 Ne6 43. Rc1 a3 44. b6 c6 45. Bc4 Bxc4 46. Rxc4 Nd4 47. Ra7 Nb5
48. Ra6 Kg5 49. Rb4 Nd4 50. Rxd4 exd4+ 51. Kxd4 Rd8+ 52. Kc4 Re8 53. Rxa3 Rxe4+
54. Kc3 Re3+ 55. Kb4 Re8 56. Rd3 Kh4 57. Rd6 Kxh3 58. Rxh6+ Kxg4 59. Rxc6 f5
60. Rg6+ Kf4 61. c6 Ke5 62. c7 Kd5 1-0

[Event "VI Festival Marche Estate A"]
[Site "Senigallia ITA"]
[Date "2009.07.26"]
[Round "7"]
[White "De Filomeno, Simone"]
[Black "Padovani, Alessio"]
[Result "1-0"]
[WhiteElo "2221"]
[BlackElo "1991"]
[PlyCount "105"]
[EventDate "2009.07.20"]

1. e4 d5 2. exd5 Nf6 3. Bb5+ c6 4. dxc6 bxc6 5. Be2 e5 6. d3 h6 7. Nf3 Bd6 8.
Nbd2 Qe7 9. Ne4 Bc7 10. O-O Bf5 11. Nxf6+ Qxf6 12. Be3 Nd7 13. Nd2 O-O 14. Bg4
Rfd8 15. Qf3 Bxg4 16. Qxg4 g5 17. h4 Qg6 18. hxg5 f5 19. Qc4+ Kh7 20. Nf3 f4
21. Bd2 hxg5 22. Qe4 Qxe4 23. Nxg5+ Kg6 24. Nxe4 Rh8 25. Rfe1 Nf8 26. Nc5 Kf5
27. Kf1 Rh2 28. Ke2 Rxg2 29. Rg1 Rxg1 30. Rxg1 Ng6 31. Ne4 Bd8 32. Nd6+ Kf6 33.
Rh1 Be7 34. Ne4+ Kg7 35. Bc3 Kf7 36. Rh7+ Ke6 37. Rg7 f3+ 38. Kxf3 Rf8+ 39. Ke3
Nf4 40. Rxe7+ Kxe7 41. Bb4+ Kf7 42. Ng5+ Ke8 43. Bxf8 Kxf8 44. Ke4 Nd5 45. a3
Nf6+ 46. Kxe5 Ng4+ 47. Kd6 Nxf2 48. Kxc6 Nd1 49. d4 Nxb2 50. d5 Nc4 51. d6 Ne5+
52. Kc7 Ke8 53. Ne6 1-0

[Event "VI Festival Marche Estate A"]
[Site "Senigallia ITA"]
[Date "2009.07.26"]
[Round "7"]
[White "Ermenkov, Evgenij P."]
[Black "Vezzosi, Paolo"]
[Result "0-1"]
[WhiteElo "2440"]
[BlackElo "2372"]
[PlyCount "180"]
[EventDate "2009.07.20"]

1. c4 Nf6 2. Nc3 e5 3. Nf3 Nc6 4. d3 g6 5. e3 Bg7 6. a3 d5 7. cxd5 Nxd5 8. Qc2
O-O 9. Be2 a5 10. O-O Nb6 11. b3 f5 12. Rb1 g5 13. Re1 g4 14. Nd2 Be6 15. Na4
Nd7 16. Bf1 Bf7 17. Bb2 Re8 18. Rbc1 Rc8 19. g3 Ne7 20. Bg2 c6 21. Qb1 Ng6 22.
b4 Bf8 23. Nc5 axb4 24. axb4 Rc7 25. Bf1 Qe7 26. Nc4 b5 27. Nd2 Nxc5 28. bxc5
Bg7 29. Qc2 Bf8 30. Bg2 Rd8 31. Red1 h5 32. Nb3 Qe6 33. Na5 Ra8 34. Ra1 Ra6 35.
Qc3 Bg7 36. Rdc1 Ne7 37. e4 fxe4 38. dxe4 Ng6 39. Rd1 Bf8 40. Rd8 Rd7 41. Rb8
Rda7 42. Bf1 Be8 43. Rb6 Qc8 44. Nb3 Rxa1 45. Nxa1 Be7 46. Nc2 Bd8 47. Ne3 Bc7
48. Nf5 Qd8 49. Qb3+ Kh7 50. Qe3 Kg8 51. Nd6 Bxb6 52. cxb6 Ra6 53. b7 Qxd6 54.
Qg5 Rb6 55. Qxh5 Rxb7 56. Qxg4 Rg7 57. Qc8 Qd7 58. Qb8 Kh7 59. Bc1 Bf7 60. Bg5
Bc4 61. Bxc4 bxc4 62. h4 Qd1+ 63. Kg2 Rf7 64. Be3 Qf3+ 65. Kh2 Qxe4 66. h5 Nf8
67. Qd6 Qf5 68. h6 Qe6 69. Qd8 Ng6 70. Qd2 Ne7 71. Qc2+ e4 72. Qb1 Nf5 73. Bf4
Nxh6 74. Qb8 Ng4+ 75. Kg2 e3 76. fxe3 Nxe3+ 77. Kg1 Ng4 78. Qd8 Qf6 79. Qe8 Qg6
80. Qd8 c3 81. Qh4+ Kg7 82. Qd8 c2 83. Qd4+ Kh7 84. Qc4 Rd7 85. Kg2 Qd3 86. Qa4
Qe2+ 87. Kh3 Rg7 88. Bg5 Rxg5 89. Kh4 Rg7 90. Qe4+ Qxe4 0-1

[Event "VI Festival Marche Estate A"]
[Site "Senigallia ITA"]
[Date "2009.07.26"]
[Round "7"]
[White "Frontini, Fabio"]
[Black "Rago, Riccardo"]
[Result "0-1"]
[WhiteElo "1943"]
[BlackElo "2088"]
[PlyCount "54"]
[EventDate "2009.07.20"]

1. e4 c5 2. c3 d5 3. exd5 Qxd5 4. d4 e6 5. Nf3 Nf6 6. Bd3 cxd4 7. cxd4 Nc6 8.
O-O Be7 9. Nc3 Qd8 10. Be3 O-O 11. Rc1 Nb4 12. Bb1 Nbd5 13. Nxd5 Qxd5 14. Bg5
Bd7 15. Rc7 Rfc8 16. Rxd7 Qxd7 17. Ne5 Qd5 18. Bxh7+ Nxh7 19. Bxe7 f6 20. Nf3
Re8 21. Bb4 Rad8 22. Qa4 a6 23. Rc1 Ng5 24. Nxg5 Qxg5 25. Rc7 Rc8 26. h3 Qf4
27. Bc3 Qxc7 0-1

[Event "VI Festival Marche Estate A"]
[Site "Senigallia ITA"]
[Date "2009.07.26"]
[Round "7"]
[White "Pizzi, Mario"]
[Black "Neri, Angelo"]
[Result "1/2-1/2"]
[WhiteElo "1864"]
[BlackElo "1972"]
[PlyCount "56"]
[EventDate "2009.07.20"]

1. d4 e6 2. Bf4 d6 3. e3 f5 4. h3 Nf6 5. Nd2 Be7 6. Bd3 Nc6 7. c3 e5 8. Bh2 O-O
9. g4 e4 10. Be2 d5 11. g5 Ne8 12. h4 Bd6 13. Nh3 Bxh2 14. Rxh2 Qd6 15. Rh1 Ne7
16. Nf4 Ng6 17. Nxd5 Be6 18. Nb4 a5 19. Nc4 Qe7 20. Nc2 Qf7 21. N2a3 f4 22. Kd2
b5 23. h5 bxc4 24. hxg6 Qxg6 25. Qg1 f3 26. Bxc4 Bxc4 27. Nxc4 Rf5 28. Ne5 Qxg5
1/2-1/2

[Event "VI Festival Marche Estate A"]
[Site "Senigallia ITA"]
[Date "2009.07.26"]
[Round "7"]
[White "Raineri, Valerio"]
[Black "Bove, Alessandro"]
[Result "0-1"]
[WhiteElo "2102"]
[BlackElo "2305"]
[PlyCount "132"]
[EventDate "2009.07.20"]

1. e4 c5 2. Nf3 Nc6 3. d4 cxd4 4. Nxd4 Nf6 5. Nc3 d6 6. Be3 Ng4 7. Nxc6 bxc6 8.
Bc1 Qb6 9. Qf3 Be6 10. Bd3 g6 11. O-O Bg7 12. Nd1 O-O 13. Qe2 Ne5 14. Ne3 d5
15. exd5 cxd5 16. Kh1 Nxd3 17. cxd3 Rac8 18. Rb1 Qa6 19. b3 Rc6 20. a4 Rc3 21.
Rd1 Rb8 22. b4 Qxa4 23. Bb2 Rb3 24. Bxg7 Kxg7 25. Nxd5 Rxb1 26. Rxb1 Rb7 27.
Qb2+ Kg8 28. Ne3 Qa2 29. Qxa2 Bxa2 30. Rb2 Be6 31. d4 Rd7 32. Rd2 Bb3 33. Rb2
Ba4 34. d5 Rb7 35. Kg1 a5 36. Kf1 Rxb4 37. Ra2 Bb5+ 38. Ke1 a4 39. Kd2 Kg7 40.
h3 Kf6 41. Nc2 Rb3 42. Ne3 Ke5 43. Kc2 Bd3+ 44. Kd2 a3 45. Ra1 Kd4 46. Nc2+
Bxc2 47. Kxc2 Rc3+ 48. Kd2 Kc4 49. g3 Kb4 50. Ra2 Rb3 51. Kc2 Rb2+ 52. Rxb2+
axb2 53. Kxb2 Kc4 54. Kc2 Kxd5 55. Kd3 e5 56. Ke3 f5 57. h4 Kc4 58. f3 h5 59.
Ke2 Kd4 60. Kd2 e4 61. Ke2 e3 62. Kd1 Kd3 63. Ke1 e2 64. f4 Ke3 65. g4 hxg4 66.
h5 g3 0-1

[Event "VI Festival Marche Estate A"]
[Site "Senigallia ITA"]
[Date "2009.07.26"]
[Round "7"]
[White "Rebeggiani, Luca"]
[Black "Monducci, Mirko"]
[Result "0-1"]
[WhiteElo "2019"]
[BlackElo "1932"]
[PlyCount "138"]
[EventDate "2009.07.20"]

1. c4 c6 2. Nf3 d5 3. e3 Nf6 4. b3 e6 5. Bb2 Nbd7 6. Be2 Bd6 7. d4 Ne4 8. O-O
O-O 9. Nbd2 Nxd2 10. Nxd2 Nf6 11. f3 c5 12. Qe1 cxd4 13. exd4 Re8 14. Bd3 Bb4
15. a3 Ba5 16. b4 Bb6 17. c5 Bc7 18. f4 Bd7 19. Qh4 h6 20. Rae1 Nh7 21. Qh5 f5
22. Qd1 Nf6 23. Qb3 a6 24. Bc1 Bc6 25. a4 Bd7 26. Nf3 Re7 27. Be3 Ng4 28. Ne5
Bxe5 29. fxe5 Qe8 30. Bc2 Qh5 31. h3 Nxe3 32. Rxe3 Qe8 33. g4 g6 34. Rg3 Kh7
35. h4 Rg7 36. Kh2 Qe7 37. Kh3 Rf8 38. Rfg1 Kh8 39. gxf5 exf5 40. Rf3 f4+ 41.
Kg2 g5 42. Rgf1 gxh4+ 43. Kf2 h3 44. Rxh3 Bxh3 45. Qxh3 Qg5 46. Bb3 Qg3+ 47.
Qxg3 fxg3+ 48. Kg2 Rxf1 49. Kxf1 h5 50. Bxd5 h4 51. Kg2 Kh7 52. Kh3 Kh6 53. Bg2
Kg5 54. e6 Kf6 55. d5 Rh7 56. b5 axb5 57. axb5 Ke5 58. b6 Rg7 59. c6 Kd6 60. c7
Rg8 61. Kxh4 Ke5 62. Kh5 Kd6 63. Kh4 Ke5 64. Bf3 Kf4 65. d6 g2 66. Kh3 Ke5 67.
Bxg2 Kxe6 68. Kh4 Ke5 69. Bxb7 Ke6 0-1

[Event "VI Festival Marche Estate A"]
[Site "Senigallia ITA"]
[Date "2009.07.26"]
[Round "7"]
[White "Rotoni, Matteo"]
[Black "De Santis, Alessio"]
[Result "1/2-1/2"]
[WhiteElo "2189"]
[BlackElo "2293"]
[PlyCount "78"]
[EventDate "2009.07.20"]

1. e4 b6 2. d4 Bb7 3. Nc3 g6 4. Be3 Bg7 5. Qd2 d6 6. Bd3 a6 7. Nf3 Nd7 8. O-O
h6 9. Ne2 Ngf6 10. Ng3 Ng4 11. h3 Nxe3 12. Qxe3 O-O 13. Nh2 e5 14. c3 exd4 15.
cxd4 c5 16. Nf3 Re8 17. dxc5 dxc5 18. Rad1 Qc7 19. Bc4 b5 20. Bd5 Bxd5 21. Rxd5
Rac8 22. b3 Nf6 23. Rdd1 c4 24. Ne1 h5 25. h4 Ng4 26. Qe2 f5 27. Nf3 f4 28. Nh1
c3 29. Qc2 b4 30. Rd5 Ne5 31. Nxe5 Rxe5 32. Rfd1 Rxd5 33. exd5 Qd6 34. f3 Kh7
35. Nf2 Bf6 36. Ne4 Qb6+ 37. Kh2 Bxh4 38. d6 Rd8 39. Kh3 Bg3 1/2-1/2

[Event "VI Festival Marche Estate B"]
[Site "Senigallia ITA"]
[Date "2009.07.25"]
[Round "6"]
[White "Vesce, Emanuele"]
[Black "Marconi, Andrea"]
[Result "0-1"]
[WhiteElo "1530"]
[BlackElo "1787"]
[PlyCount "38"]
[EventDate "2009.07.20"]

1. e4 d6 2. d4 Nf6 3. Nc3 g6 4. Be3 Bg7 5. f4 c5 6. dxc5 Qa5 7. Qd2 dxc5 8. Rd1
O-O 9. e5 Ng4 10. Be2 Nc6 11. h3 Nxe3 12. Qxe3 Bf5 13. Bd3 Bxd3 14. cxd3 Bh6
15. Nf3 Qb4 16. Qd2 Bxf4 17. Qc2 Nd4 18. Qa4 Qxb2 19. Ne4 Qe2# 0-1

[Event "VI Festival Marche Estate C"]
[Site "Senigallia ITA"]
[Date "2009.07.25"]
[Round "6"]
[White "Miracola, Massimiliano"]
[Black "Bernardi, Fausto"]
[Result "1/2-1/2"]
[WhiteElo "1485"]
[BlackElo "1362"]
[PlyCount "40"]
[EventDate "2009.07.20"]

1. e4 e5 2. Nf3 d6 3. d4 exd4 4. Nxd4 Nf6 5. Nc3 Be7 6. Bc4 O-O 7. O-O c5 8.
Nb3 Bd7 9. Bf4 Bc6 10. Re1 a6 11. a4 a5 12. e5 dxe5 13. Bxe5 Nbd7 14. Bd6 Re8
15. Nb5 Bxb5 16. Bxb5 Bxd6 17. Qxd6 b6 18. Rad1 Rxe1+ 19. Rxe1 Nf8 20. Qe7 Ne6
1/2-1/2